|
|
|
|
| LEADER |
00000nab a2200000 a 4500 |
| 001 |
vtls000893107 |
| 003 |
SK-MaSNL |
| 005 |
20260305003247.0 |
| 008 |
040720e20030110xo 0 slo |
| 035 |
|
|
|a KE2142
|
| 040 |
|
|
|a KEVKJB
|b slo
|c KEVKJB
|e AACR2
|
| 041 |
0 |
|
|a slo
|
| 044 |
|
|
|a xo
|c SK
|
| 080 |
|
|
|a 943.767.1
|2 1981
|
| 100 |
1 |
|
|a Duchoň, Jozef
|4 aut
|9 317656
|
| 245 |
1 |
0 |
|a Medzi stredovekom a novovekom
|b Potulky starými predmestiami - Stredný hušták
|
| 300 |
|
|
|b 4 obr.
|
| 650 |
0 |
7 |
|a dejiny
|2 KEVKJB
|9 3825
|
| 650 |
0 |
7 |
|a predmestia
|2 KEVKJB
|9 325103
|
| 650 |
0 |
7 |
|a huštáky
|2 KEVKJB
|9 880376
|
| 650 |
0 |
7 |
|a udalosti dejinné
|2 KEVKJB
|9 877280
|
| 650 |
0 |
7 |
|a stredovek
|2 KEVKJB
|9 4259
|
| 650 |
0 |
7 |
|a novovek
|2 KEVKJB
|9 4260
|
| 650 |
0 |
7 |
|a cintoríny
|2 KEVKJB
|9 2946
|
| 651 |
|
7 |
|a Stredný hušťák
|2 KEVKJB
|9 880377
|
| 651 |
|
7 |
|a Košice (Slovensko)
|2 KEVKJB
|9 18694
|
| 651 |
|
7 |
|a KE,
|2 KEVKJB
|9 877256
|
| 655 |
|
7 |
|a periodikum
|2 snkbucl
|9 29553
|
| 655 |
|
7 |
|a štúdie
|2 KEVKJB
|9 57033
|
| 773 |
0 |
8 |
|t Košický večer
|g Roč. 14
|g Roč. 35, 10.1.2003, s. 5
|
| 773 |
0 |
8 |
|i Príl.:
|t Magazín. - Roč. 8, č. 2 (2003)
|
| 852 |
|
|
|a ZVYKNI
|b KIS3GCP
|
| 999 |
|
|
|c 3229494
|d 3231424
|